[Event "Konnerud CC-ch"]
[Site "Konnerud"]
[Date "2020.01.08"]
[Round "1"]
[White "Marthinussen, Emma Viktoria Lia"]
[Black "Marthinussen, Tias Sebastian Lia"]
[Result "1/2-1/2"]
[WhiteElo "1507"]
[BlackElo "1145"]
[PlyCount "53"]
[EventDate "2020.01.08"]
[EventType "swiss"]
[EventRounds "6"]
[EventCountry "NOR"]
[SourceTitle "EXT 2024"]
[Source "ChessBase"]
[SourceDate "2023.10.10"]
[SourceVersion "1"]
[SourceVersionDate "2023.10.10"]
[SourceQuality "1"]

1. e4 e5 2. Nf3 Nc6 3. Bc4 Bc5 4. c3 a6 5. d3 d6 6. h3 Nf6 7. 0-0 0-0 8. b4 Ba7 9. Nbd2 Be6 10. Re1 Qd7 11. Bb3 h6 12. Nf1 Nh5 13. Bd2 Nf4 14. Bxf4 exf4 15. d4 Ne7 16. d5 Bxh3 17. gxh3 Qxh3 18. N3d2 Ng6 19. Qf3 Qh4 20. Nc4 b5 21. Nb2 Ne5 22. Qg2 f3 23. Qg3 Qh5 24. Bd1 f5 25. Qh2 Qg5+ 26. Qg3 Qh5 27. Qh2 1/2-1/2

[Event "EU-ch U14 Girls"]
[Site "Bratislava"]
[Date "2019.08.04"]
[Round "3"]
[White "Cornileau, Juliette"]
[Black "Marthinussen, Emma Viktoria Lia"]
[Result "1-0"]
[WhiteElo "1805"]
[BlackElo "1628"]
[PlyCount "185"]
[EventDate "2019.08.02"]
[EventType "swiss"]
[EventRounds "9"]
[EventCountry "SVK"]
[SourceTitle "EXT 2020"]
[Source "ChessBase"]
[SourceDate "2019.10.17"]
[SourceVersion "1"]
[SourceVersionDate "2019.10.17"]
[SourceQuality "1"]

1. d4 Nf6 2. Nf3 g6 3. Bg5 Bg7 4. Nbd2 0-0 5. c3 d6 6. e4 Nbd7 7. Bc4 b6 8. 0-0 Bb7 9. Re1 d5 10. exd5 Bxd5 11. Bxd5 Nxd5 12. Nc4 Re8 13. Bh4 b5 14. Nce5 Nxe5 15. Nxe5 f6 16. Nd3 Qd6 17. Qb3 c6 18. Rad1 Kh8 19. Bg3 e5 20. dxe5 fxe5 21. Nb4 Rad8 22. Nxd5 cxd5 23. Qxb5 Rd7 24. Qe2 Rb7 25. Qd2 Rd7 26. h3 Qc5 27. Qe3 Qc7 28. Qg5 Qd6 29. Re2 Bf6 30. Qd2 Bg7 31. Rde1 Rde7 32. Bh4 Rd7 33. Bg3 Rde7 34. Rd1 Rd7 35. Qc2 Qc6 36. Qb3 Qe6 37. Rde1 Qd6 38. Qc2 Rde7 39. Rd1 Rd7 40. Red2 Qc6 41. Qb3 d4 42. cxd4 exd4 43. Rc2 Qe4 44. Rcd2 Qc6 45. Qd3 Qe6 46. a3 Bh6 47. Rc2 Qe4 48. Qxe4 Rxe4 49. Rc4 Bf4 50. Bxf4 Rxf4 51. g3 Re4 52. Kg2 Re2 53. Rcxd4 Rf7 54. Rf4 Rxf4 55. gxf4 Rxb2 56. Rd8+ Kg7 57. Rd7+ Kh6 58. Rxa7 Rb8 59. f3 Rc8 60. a4 Rc4 61. Kg3 Rc1 62. a5 Rg1+ 63. Kf2 Rh1 64. Kg2 Rc1 65. a6 Rc6 66. Kg3 Rd6 67. Kf2 Re6 68. h4 Rd6 69. Ke3 Rb6 70. Ke4 Rc6 71. Kd5 Rf6 72. Ke5 Rf5+ 73. Ke6 Rxf4 74. Rf7 Rxh4 75. a7 Ra4 76. Kd6 Ra6+ 77. Kc5 Ra2 78. Kb6 Rb2+ 79. Kc7 Rc2+ 80. Kb8 Rb2+ 81. Rb7 Re2 82. a8Q Re8+ 83. Ka7 Rxa8+ 84. Kxa8 g5 85. Rb1 Kg6 86. Rh1 h5 87. Kb7 h4 88. Kc6 Kf5 89. Kd5 Kf4 90. Rh3 Ke3 91. Ke5 Kf2 92. Kf5 Kg2 93. Kg4 1-0

[Event "EU-ch U14 Girls"]
[Site "Bratislava"]
[Date "2019.08.02"]
[Round "1"]
[White "Toth, Nikoletta"]
[Black "Marthinussen, Emma Viktoria Lia"]
[Result "1-0"]
[WhiteElo "1965"]
[BlackElo "1628"]
[PlyCount "75"]
[EventDate "2019.08.02"]
[EventType "swiss"]
[EventRounds "9"]
[EventCountry "SVK"]
[SourceTitle "EXT 2020"]
[Source "ChessBase"]
[SourceDate "2019.10.17"]
[SourceVersion "1"]
[SourceVersionDate "2019.10.17"]
[SourceQuality "1"]

1. d4 Nf6 2. Bf4 g6 3. e3 Bg7 4. Nf3 0-0 5. Be2 d6 6. h3 c5 7. c3 b6 8. 0-0 Bb7 9. Nbd2 Na6 10. a4 Nc7 11. Qb3 Rb8 12. Qa3 Ba8 13. b4 Ne6 14. Bh2 Qd7 15. Rac1 Bc6 16. dxc5 bxc5 17. b5 Bb7 18. a5 Nc7 19. c4 Ne4 20. Nxe4 Bxe4 21. Nd2 Ba8 22. Rb1 Qc8 23. Rb3 Qb7 24. Bf3 Qc8 25. Bxa8 Nxa8 26. Rfb1 Qc7 27. Ne4 Rfc8 28. Nc3 Bxc3 29. Rxc3 Qd7 30. Rcb3 Qd8 31. e4 e5 32. Rd1 Qe7 33. Qb2 Qc7 34. Qd2 Rd8 35. Rd3 Rbc8 36. Bxe5 Rd7 37. Bf6 Re8 38. Qh6 1-0

[Event "NOR-chT Club"]
[Site "Drammen"]
[Date "2019.05.30"]
[Round "4"]
[White "Marthinussen, Emma Viktoria Lia"]
[Black "Olsen, Rudi B1"]
[Result "1/2-1/2"]
[WhiteElo "1469"]
[BlackElo "1345"]
[PlyCount "97"]
[EventDate "2019.05.30"]
[EventType "team-swiss"]
[EventRounds "6"]
[EventCountry "NOR"]
[SourceTitle "CBM 190 Extra"]
[Source "ChessBase"]
[SourceDate "2019.07.15"]
[SourceVersion "1"]
[SourceVersionDate "2019.07.15"]
[SourceQuality "1"]
[WhiteTeam "Konnerud"]
[BlackTeam "Groruddalen II"]
[WhiteTeamCountry "NOR"]
[BlackTeamCountry "NOR"]

1. e4 e5 2. Nf3 d6 3. h3 Be6 4. Nc3 Nc6 5. Bb5 Nge7 6. d3 a6 7. Ba4 b5 8. Bb3 Bxb3 9. axb3 b4 10. Ne2 d5 11. exd5 Nxd5 12. c4 bxc3 13. bxc3 Nf6 14. Be3 Bd6 15. 0-0 0-0 16. Qc2 Re8 17. Rfe1 e4 18. dxe4 Nxe4 19. Ned4 Nxd4 20. Bxd4 Nf6 21. Ng5 g6 22. Rxe8+ Nxe8 23. Ne4 Be7 24. Rd1 Qc8 25. Qe2 Qf5 26. Ng3 Qe6 27. Qxe6 fxe6 28. Re1 Kf7 29. Ne4 a5 30. Ra1 Nd6 31. Nxd6+ cxd6 32. Bb6 Rb8 33. Bxa5 Rxb3 34. Bb4 Kf6 35. Kf1 h5 36. Ke2 d5 37. Bxe7+ Kxe7 38. Rc1 Kf6 39. Rc2 Kf5 40. Kd3 Rb6 41. Re2 e5 42. g3 Rc6 43. Rb2 Rd6 44. Rb4 g5 45. g4+ hxg4 46. hxg4+ Kf6 47. f3 Kg6 48. Ke3 Kf6 49. Kd3 1/2-1/2

[Event "Konnerud CC-ch"]
[Site "Konnerud"]
[Date "2019.02.13"]
[Round "4"]
[White "Hellenes, Andre Tsolis"]
[Black "Marthinussen, Emma Viktoria Lia"]
[Result "1/2-1/2"]
[WhiteElo "1693"]
[BlackElo "1408"]
[PlyCount "93"]
[EventDate "2019.01.16"]
[EventType "swiss"]
[EventRounds "9"]
[EventCountry "NOR"]
[SourceTitle "EXT 2024"]
[Source "ChessBase"]
[SourceDate "2023.10.10"]
[SourceVersion "1"]
[SourceVersionDate "2023.10.10"]
[SourceQuality "1"]

1. d4 d6 2. c4 Nf6 3. Nc3 g6 4. e4 Bg7 5. Nf3 Nbd7 6. Be2 0-0 7. 0-0 b6 8. Bg5 Bb7 9. Qc2 c6 10. Rac1 Qc7 11. Qd2 e5 12. d5 Nc5 13. Bxf6 Bxf6 14. b4 Nd7 15. dxc6 Bxc6 16. Rfd1 Be7 17. Nd5 Bxd5 18. Qxd5 Nf6 19. Qd3 Qc6 20. Nd2 Rac8 21. f3 Rfd8 22. Nb1 Bf8 23. Nc3 Qb7 24. Nd5 Nxd5 25. Qxd5 Qxd5 26. Rxd5 Be7 27. a4 Rc7 28. Ra1 Rdc8 29. a5 Rb8 30. Rb5 Rbb7 31. Kf2 Bg5 32. g3 Be7 33. Ke3 Kg7 34. f4 f6 35. Kd3 Kf7 36. Rf1 Kg7 37. Bg4 Rb8 38. Be6 Rbb7 39. Bd5 Rb8 40. Ra1 Bd8 41. axb6 Rxb6 42. Rxb6 axb6 43. Ra8 Be7 44. Rb8 Ra7 45. Ra8 Rxa8 46. Bxa8 Kf7 47. Bd5+ 1/2-1/2

[Event "Konnerud CC-ch"]
[Site "Konnerud"]
[Date "2019.01.23"]
[Round "2"]
[White "Jahnsen, Bjorn"]
[Black "Marthinussen, Emma Viktoria Lia"]
[Result "0-1"]
[WhiteElo "1429"]
[BlackElo "1408"]
[PlyCount "98"]
[EventDate "2019.01.16"]
[EventType "swiss"]
[EventRounds "9"]
[EventCountry "NOR"]
[SourceTitle "EXT 2024"]
[Source "ChessBase"]
[SourceDate "2023.10.10"]
[SourceVersion "1"]
[SourceVersionDate "2023.10.10"]
[SourceQuality "1"]

1. d4 d6 2. Nf3 Nf6 3. g3 g6 4. Bg2 Bg7 5. 0-0 Nbd7 6. b3 0-0 7. Bg5 b6 8. Nc3 Bb7 9. Re1 a5 10. a4 c5 11. d5 Re8 12. Rc1 Ng4 13. Qd2 Bxc3 14. Qxc3 Ndf6 15. e4 Qc7 16. h3 Ne5 17. Nxe5 dxe5 18. Rcd1 Qd6 19. Qb2 Nd7 20. c4 e6 21. h4 h5 22. Bh3 exd5 23. exd5 Bc8 24. Kh2 Kh7 25. Qc3 f6 26. Bc1 Nf8 27. Bg2 Bf5 28. Be4 Bxe4 29. Rxe4 Re7 30. Qd2 Rae8 31. Rde1 Kg8 32. Bb2 Kh7 33. f3 Nd7 34. Bc1 Nf8 35. g4 hxg4 36. fxg4 Rg7 37. Rg1 Kg8 38. Kh3 Nh7 39. Qe1 Nf8 40. Rf1 Ree7 41. Rf3 Rh7 42. Kg3 Nd7 43. Rf2 Reg7 44. g5 f5 45. Ree2 e4+ 46. Bf4 Qe7 47. Qa1 Qe8 48. Rf3 Re7 49. Rfe3 Ne5 0-1

[Event "Konnerud CC-ch"]
[Site "Konnerud"]
[Date "2019.01.16"]
[Round "1"]
[White "Marthinussen, Emma Viktoria Lia"]
[Black "Taksrud, Vidar"]
[Result "1/2-1/2"]
[WhiteElo "1408"]
[BlackElo "1987"]
[PlyCount "107"]
[EventDate "2019.01.16"]
[EventType "swiss"]
[EventRounds "9"]
[EventCountry "NOR"]
[SourceTitle "EXT 2024"]
[Source "ChessBase"]
[SourceDate "2023.10.10"]
[SourceVersion "1"]
[SourceVersionDate "2023.10.10"]
[SourceQuality "1"]

1. e4 c5 2. Nf3 Nc6 3. Nc3 g6 4. Bc4 Bg7 5. d3 d6 6. h3 Nf6 7. 0-0 0-0 8. Bg5 Nd7 9. Qd2 Nde5 10. Nxe5 Nxe5 11. Bb3 Be6 12. Nd5 Bxd5 13. Bxd5 Qd7 14. Bh6 e6 15. Bxg7 Kxg7 16. Bb3 b5 17. c3 a5 18. a4 c4 19. dxc4 bxc4 20. Bc2 Rab8 21. Ra2 Qc7 22. Qd4 Kg8 23. Rd1 Rfd8 24. f4 Nd7 25. Qxd6 Qxd6 26. Rxd6 Nc5 27. Rd4 Nd3 28. Bxd3 Rxd4 29. cxd4 cxd3 30. Kf2 Rb4 31. Ke3 d2 32. Kxd2 Rxd4+ 33. Ke3 Rb4 34. Kd3 Kf8 35. h4 h5 36. Ke3 Ke7 37. e5 f6 38. g3 fxe5 39. fxe5 Kd7 40. Ra3 Rxb2 41. Kf4 Rf2+ 42. Rf3 Rxf3+ 43. Kxf3 Kc6 44. Kf4 Kd5 45. Kg5 Kxe5 46. Kxg6 Kd4 47. Kxh5 e5 48. Kg4 e4 49. h5 e3 50. h6 e2 51. h7 e1Q 52. h8Q+ Kc4 53. Qc8+ Kb4 54. Qc2 1/2-1/2

[Event "Buskerud-ch op"]
[Site "Konnerud"]
[Date "2018.06.18"]
[Round "5"]
[White "Marthinussen, Emma Viktoria Lia"]
[Black "Aure, Havard"]
[Result "1-0"]
[WhiteElo "1397"]
[BlackElo "1351"]
[PlyCount "31"]
[EventDate "2018.06.16"]
[EventType "swiss"]
[EventRounds "5"]
[EventCountry "NOR"]
[SourceTitle "EXT 2024"]
[Source "ChessBase"]
[SourceDate "2023.10.10"]
[SourceVersion "1"]
[SourceVersionDate "2023.10.10"]
[SourceQuality "1"]

1. e4 c5 2. Nf3 d6 3. Bc4 Nf6 4. Nc3 g6 5. d3 Bg7 6. 0-0 0-0 7. h3 Nc6 8. Bg5 a6 9. a4 Qc7 10. Qd2 Re8 11. Bh6 Bd7 12. Bxg7 Kxg7 13. Ng5 Rf8 14. Qf4 Be6 15. Bxe6 fxe6 16. Nxe6+ 1-0

[Event "Buskerud-ch op"]
[Site "Konnerud"]
[Date "2018.06.16"]
[Round "2"]
[White "Marthinussen, Emma Viktoria Lia"]
[Black "Kierulf, Villum Brevick"]
[Result "1/2-1/2"]
[WhiteElo "1397"]
[BlackElo "1369"]
[PlyCount "86"]
[EventDate "2018.06.16"]
[EventType "swiss"]
[EventRounds "5"]
[EventCountry "NOR"]
[SourceTitle "EXT 2024"]
[Source "ChessBase"]
[SourceDate "2023.10.10"]
[SourceVersion "1"]
[SourceVersionDate "2023.10.10"]
[SourceQuality "1"]

1. e4 e6 2. d4 d5 3. exd5 exd5 4. Nf3 Nf6 5. Nc3 c5 6. dxc5 Bxc5 7. Bg5 0-0 8. Bxf6 Qxf6 9. Nxd5 Qxb2 10. Nf4 Bg4 11. Be2 Nc6 12. 0-0 Rad8 13. Nd3 Qc3 14. Rb1 Qa5 15. Rb2 Nb4 16. Qb1 Nxd3 17. cxd3 Rfe8 18. Re1 Bxf3 19. Rb5 Qd2 20. Rxc5 Rxe2 21. Rd1 Qxa2 22. Qxa2 Rxa2 23. gxf3 Ra3 24. Kg2 g6 25. d4 Kf8 26. Rc7 Rb3 27. d5 Ke8 28. d6 Rd7 29. Rc8+ Rd8 30. Rc7 a5 31. Re1+ Kf8 32. d7 Rd3 33. Rxb7 R3xd7 34. Rb5 Ra7 35. Ra1 Kg7 36. Raxa5 Rxa5 37. Rxa5 h5 38. h4 Kh6 39. Kg3 f6 40. Ra6 Rf8 41. f4 f5 42. f3 Rd8 43. Ra7 Rd1 1/2-1/2

[Event "Konnerud Autumn"]
[Site "Konnerud"]
[Date "2017.09.13"]
[Round "2"]
[White "Sorjordet, Anders"]
[Black "Marthinussen, Emma Viktoria Lia"]
[Result "1-0"]
[WhiteElo "1738"]
[BlackElo "1415"]
[PlyCount "75"]
[EventDate "2017.09.20"]
[EventType "swiss"]
[EventRounds "9"]
[EventCountry "NOR"]
[SourceTitle "EXT 2024"]
[Source "ChessBase"]
[SourceDate "2023.10.10"]
[SourceVersion "1"]
[SourceVersionDate "2023.10.10"]
[SourceQuality "1"]

1. d4 d6 2. Nf3 Nf6 3. c4 g6 4. g3 Bg7 5. Bg2 0-0 6. 0-0 Bg4 7. Nc3 Qc8 8. Re1 Bh3 9. Bh1 Re8 10. Qb3 Bd7 11. Bf4 c5 12. d5 e6 13. Bxd6 exd5 14. cxd5 c4 15. Qc2 Bg4 16. e4 Qd7 17. Bf4 Nh5 18. Be3 Qe7 19. Bd4 Bxf3 20. Bxg7 Bxh1 21. Kxh1 Kxg7 22. Rad1 Nd7 23. f4 f6 24. d6 Qf7 25. Nb5 Rac8 26. Nc7 Red8 27. Rd4 Nb6 28. Qc3 Kg8 29. e5 fxe5 30. fxe5 Rxc7 31. e6 Qf6 32. e7 Rxe7 33. dxe7 Re8 34. Qe3 Ng7 35. g4 Nc8 36. Rf4 Qxb2 37. Ref1 Nxe7 38. Qxe7 1-0

[Event "Konnerud CC-ch"]
[Site "Konnerud"]
[Date "2017.03.29"]
[Round "7"]
[White "Taksrud, Vidar"]
[Black "Marthinussen, Emma Viktoria Lia"]
[Result "1-0"]
[WhiteElo "1947"]
[BlackElo "1380"]
[PlyCount "66"]
[EventDate "2017.01.11"]
[EventType "swiss"]
[EventRounds "9"]
[EventCountry "NOR"]
[SourceTitle "EXT 2024"]
[Source "ChessBase"]
[SourceDate "2023.10.10"]
[SourceVersion "1"]
[SourceVersionDate "2023.10.10"]
[SourceQuality "1"]

1. d4 d5 2. Nf3 Nf6 3. g3 e6 4. Bg2 Nbd7 5. c4 c6 6. 0-0 Bd6 7. Nc3 0-0 8. Bg5 h6 9. Bf4 Qe7 10. c5 Bxf4 11. gxf4 b6 12. b4 Bb7 13. Ne5 Nxe5 14. fxe5 Nd7 15. e4 f6 16. exd5 exd5 17. exf6 Nxf6 18. Qd2 Qc7 19. f4 Nh5 20. f5 Qd7 21. Rf3 Bc8 22. Raf1 Nf6 23. Rg3 Qc7 24. b5 Bd7 25. bxc6 Bxc6 26. cxb6 axb6 27. Rc1 Nh5 28. Nxd5 Qf7 29. Rxc6 Nxg3 30. hxg3 b5 31. Rc7 Qe8 32. f6 gxf6 33. Qxh6 Rf7 1-0